| 000 | 00733nam a2200229Ia 4500 | ||
|---|---|---|---|
| 003 | GCL | ||
| 008 | 140319s9999 xx 000 0 ara d | ||
| 040 |
_aGCL / _cGCL |
||
| 082 | 0 | 4 |
_a380.3 _bس ا |
| 100 | 1 | _aسمير محمد حسين | |
| 245 | 1 | 0 |
_aالاعلام والاتصال بالجماهير والرى العام / _cسمير محمد حسين |
| 260 |
_a[S.N] : _bعالم الكتب الحديث ، _c1993 |
||
| 300 | _a383 ص | ||
| 490 | _a | ||
| 650 | 0 | 4 | _aالعلم |
| 650 | 0 | 4 | _aالاتصالات |
| 650 | 0 | 4 | _aوسائل الاعلام |
| 650 | 0 | 4 | _aالمعرفة |
| 650 | 0 | 4 | _aالاتصالات الالكترونية |
| 650 | 0 | 4 | _aالوسائل السمعية والبصرية |
| 942 |
_2ddc _cBK |
||
| 999 |
_c32951 _d32951 |
||